[Event "WYCC 2018 G16"]
[Site "Halkidiki"]
[Date "2018.10.23"]
[Round "5"]
[White "Zhang, Cindy"]
[Black "Cramling Bellon, Anna"]
[Result "1-0"]
[WhiteElo "1790"]
[BlackElo "2025"]
[Annotator "NA"]
[PlyCount "75"]
[EventDate "2018.10.20"]
[EventType "swiss"]
[EventCountry "GRE"]
[SourceTitle "playchess.com"]
[Source "ChessBase"]
[SourceQuality "1"]
[TimeControl "40/5400+30:1800+30"]

1. d4 {[%emt 0:00:00]} Nf6 {[%emt 0:00:00]} 2. Bf4 {[%emt 0:00:00]} d5 {[%emt 0:00:00]} 3. e3 {[%emt 0:00:00]} c5 {[%emt 0:00:01]} 4. Nc3 {[%emt 0:00:30]} a6 {[%emt 0:00:09]} 5. dxc5 {[%emt 0:00:50]} Nc6 {[%emt 0:01:26]} 6. Nf3 {[%emt 0:01:05]} e6 {[%emt 0:00:33]} 7. Na4 {[%emt 0:00:59]} Bxc5 {[%emt 0:00:56]} 8. Nxc5 {[%emt 0:00:30]} Qa5+ {[%emt 0:00:02]} 9. c3 {[%emt 0:00:16]} Qxc5 {[%emt 0:00:06]} 10. Ne5 {[%emt 0:03:00]} O-O {[%emt 0:11:50]} 11. Bd3 {[%emt 0:02:33]} Ne4 {[%emt 0:24:09]} 12. O-O {[%emt 0:12:05]} Nxe5 {[%emt 0:10:24]} 13. Bxe5 {[%emt 0:00:17]} f6 {[%emt 0:00:49]} 14. Bd4 {[%emt 0:05:29]} Qc7 {[%emt 0:03:12]} 15. c4 {[%emt 0:05:27]} Bd7 {[%emt 0:14:16]} 16. cxd5 {[%emt 0:03:57]} exd5 {[%emt 0:00:01]} 17. Qb3 {[%emt 0:01:50]} Kh8 {[%emt 0:04:15]} 18. Qxd5 {[%emt 0:02:00]} Bc6 {[%emt 0:01:13]} 19. Qf5 {[%emt 0:06:05]} g6 {[%emt 0:01:26]} 20. Qg4 {[%emt 0:03:53]} Rae8 {[%emt 0:17:32]} 21. Rac1 {[%emt 0:04:37]} Qd6 {[%emt 0:03:06]} 22. Rfd1 {[%emt 0:03:07]} Rf7 {[%emt 0:03:03]} 23. Qh4 {[%emt 0:03:37]} g5 {[%emt 0:02:16]} 24. Qh5 {[%emt 0:01:36]} Qd7 {[%emt 0:00:31]} 25. Bxe4 {[%emt 0:04:00]} Rxe4 {[%emt 0:00:37]} 26. Bxf6+ {[%emt 0:00:18]} Rxf6 {[%emt 0:00:03]} 27. Rxd7 {[%emt 0:00:10]} Bxd7 {[%emt 0:00:01]} 28. Qxg5 {[%emt 0:00:28]} Rg6 {[%emt 0:01:32]} 29. Qd8+ {[%emt 0:01:13]} Be8 {[%emt 0:00:01]} 30. f3 {[%emt 0:01:11]} Ree6 {[%emt 0:00:35]} 31. f4 {[%emt 0:03:07]} Rg7 {[%emt 0:00:49]} 32. Rc8 {[%emt 0:02:31]} Rge7 {[%emt 0:00:33]} 33. Kf2 {[%emt 0:02:19]} Kg8 {[%emt 0:00:14]} 34. Qd5 {[%emt 0:00:46]} Kh8 {[%emt 0:00:45]} 35. f5 {[%emt 0:02:06]} Re4 {[%emt 0:00:32]} 36. f6 {[%emt 0:01:49]} R7e5 {[%emt 0:00:23]} 37. Qf7 {[%emt 0:01:02]} Rf5+ {[%emt 0:00:33]} 38. Ke2 {[%emt 0:00:21]} 1-0

[Event "WYCC 2018 G16"]
[Site "Halkidiki"]
[Date "2018.10.23"]
[Round "5"]
[White "Mikic, Ivana"]
[Black "Cotun, Mihaela"]
[Result "1/2-1/2"]
[WhiteElo "1783"]
[BlackElo "1482"]
[Annotator "NA"]
[PlyCount "89"]
[EventDate "2018.10.20"]
[EventType "swiss"]
[EventCountry "GRE"]
[SourceTitle "playchess.com"]
[Source "ChessBase"]
[SourceQuality "1"]
[TimeControl "40/5400+30:1800+30"]

1. e4 {[%emt 0:00:00]} c5 {[%emt 0:00:00]} 2. Nf3 {[%emt 0:00:00]} d6 {[%emt 0:00:00]} 3. d4 {[%emt 0:00:00]} cxd4 {[%emt 0:00:00]} 4. Qxd4 {[%emt 0:00:24]} a6 {[%emt 0:01:12]} 5. c4 {[%emt 0:00:44]} Nc6 {[%emt 0:00:19]} 6. Qd3 {[%emt 0:00:56]} g6 {[%emt 0:05:20]} 7. Nc3 {[%emt 0:01:13]} Bg7 {[%emt 0:00:18]} 8. Be3 {[%emt 0:00:32]} Nf6 {[%emt 0:00:51]} 9. Nd4 {[%emt 0:02:27]} Ne5 {[%emt 0:02:01]} 10. Qd2 {[%emt 0:02:03]} Bd7 {[%emt 0:03:17]} 11. Be2 {[%emt 0:00:45]} Rc8 {[%emt 0:00:55]} 12. b3 {[%emt 0:00:29]} Qa5 {[%emt 0:04:28]} 13. Rc1 {[%emt 0:02:14]} b5 {[%emt 0:04:38]} 14. cxb5 {[%emt 0:03:23]} Nxe4 {[%emt 0:01:44]} 15. Nc6 {[%emt 0:04:26]} Rxc6 {[%emt 0:14:36]} 16. bxc6 {[%emt 0:10:53]} Nxd2 {[%emt 0:03:44]} 17. cxd7+ {[%emt 0:00:11]} Nxd7 {[%emt 0:07:36]} 18. Bxd2 {[%emt 0:00:25]} O-O {[%emt 0:04:35]} 19. Na4 {[%emt 0:04:54]} Qd5 {[%emt 0:06:09]} 20. Bf3 {[%emt 0:04:45]} Qe6+ {[%emt 0:05:18]} 21. Be3 {[%emt 0:07:06]} Ne5 {[%emt 0:02:59]} 22. Be2 {[%emt 0:01:31]} d5 {[%emt 0:06:26]} 23. Nc5 {[%emt 0:01:11]} Qd6 {[%emt 0:01:05]} 24. O-O {[%emt 0:05:58]} Nc6 {[%emt 0:10:37]} 25. Nxa6 {[%emt 0:02:32]} d4 {[%emt 0:01:26]} 26. Rfd1 {[%emt 0:02:40]} e5 {[%emt 0:03:22]} 27. Bf3 {[%emt 0:02:54]} Ne7 {[%emt 0:02:22]} 28. Nc5 {[%emt 0:02:58]} Nf5 {[%emt 0:03:26]} 29. Bd2 {[%emt 0:01:04]} Rb8 {[%emt 0:01:09]} 30. a4 {[%emt 0:01:15]} Ne7 {[%emt 0:01:55]} 31. a5 {[%emt 0:01:24]} Nd5 {[%emt 0:01:40]} 32. a6 {[%emt 0:01:25]} Nb6 {[%emt 0:01:56]} 33. a7 {[%emt 0:02:04]} Re8 {[%emt 0:00:33]} 34. Nb7 {[%emt 0:04:14]} Qe7 {[%emt 0:00:17]} 35. Ba5 {[%emt 0:00:35]} Na8 {[%emt 0:00:42]} 36. Bd5 {[%emt 0:04:49]} e4 {[%emt 0:00:30]} 37. Rc4 {[%emt 0:04:20]} Qg5 {[%emt 0:00:31]} 38. Rc5 {[%emt 0:03:01]} Qg4 {[%emt 0:00:32]} 39. f3 {[%emt 0:01:52]} exf3 {[%emt 0:00:21]} 40. Bxf3 {[%emt 0:00:00]} Qf4 {[%emt 0:00:00]} 41. Nd8 {[%emt 0:02:49]} Be5 {[%emt 0:13:26]} 42. h3 {[%emt 0:07:28]} Qe3+ {[%emt 0:02:26]} 43. Kh1 {[%emt 0:00:51]} Qf4 {[%emt 0:00:29]} 44. Kg1 {[%emt 0:02:07]} Qe3+ {[%emt 0:00:12]} 45. Kh1 {[%emt 0:00:06]} 1/2-1/2

[Event "WYCC 2018 G16"]
[Site "Halkidiki"]
[Date "2018.10.23"]
[Round "5"]
[White "Kalyva, Kyriaki"]
[Black "Miroshnik, Ekaterina"]
[Result "0-1"]
[WhiteElo "1779"]
[BlackElo "2023"]
[Annotator "NA"]
[PlyCount "82"]
[EventDate "2018.10.20"]
[EventType "swiss"]
[EventCountry "GRE"]
[SourceTitle "playchess.com"]
[Source "ChessBase"]
[SourceQuality "1"]
[TimeControl "40/5400+30:1800+30"]

1. d4 {[%emt 0:00:00]} e6 {[%emt 0:00:00]} 2. c4 {[%emt 0:00:00]} Nf6 {[%emt 0:00:00]} 3. Nc3 {[%emt 0:00:00]} Bb4 {[%emt 0:00:00]} 4. e3 {[%emt 0:00:00]} O-O {[%emt 0:00:00]} 5. Nge2 {[%emt 0:00:01]} c6 {[%emt 0:00:00] E46: Nimzo-Indian: Rubinstein: 4 e3 0-0 5 Ne2 without early Bd3} (5... d5 6. a3 Be7 7. cxd5 exd5 8. Nf4 Re8 9. Bd3 Bd6 10. O-O Bxf4 11. exf4 Nc6 12. Be3 Ne7 13. Qc2 g6 14. f3 Bf5 15. g4 Bxd3 16. Qxd3 {½-½ (48) Caruana,F (2811)-So,W (2792) Wijk aan Zee 2018}) 6. a3 {[%emt 0:00:13]} Ba5 {[%emt 0:00:01]} 7. b4 {[%emt 0:05:16]} Bc7 {[%emt 0:00:04]} 8. e4 {[%emt 0:05:30]} d5 {[%emt 0:00:15]} 9. e5 {[%emt 0:03:03]} Nfd7 {[%emt 0:06:57]} 10. cxd5 {[%emt 0:04:56]} exd5 {[%emt 0:01:17]} 11. g3 {[%emt 0:01:45]} a5 $146 {[%emt 0:00:29]} ({Predecessor:} 11... f6 12. exf6 Qxf6 13. f4 {½-½ (50) Ranaldi,L (2278)-Lund,G (1914) Oslo 2017}) 12. b5 {[%emt 0:06:10]} f6 {[%emt 0:06:28]} 13. bxc6 {[%emt 0:04:50]} bxc6 {[%emt 0:00:56]} 14. Bg2 {[%emt 0:01:55]} Nb6 {[%emt 0:08:13]} 15. exf6 {[%emt 0:05:01]} Qxf6 {[%emt 0:00:29]} 16. O-O {[%emt 0:00:26]} Bg4 {[%emt 0:02:59]} 17. h3 {[%emt 0:09:04]} Bf3 {[%emt 0:07:38]} 18. Qd3 {[%emt 0:08:54]} Bxg2 {[%emt 0:07:12]} 19. Kxg2 $15 {[%emt 0:00:07]} N8d7 {[%emt 0:00:12]} 20. Bf4 {[%emt 0:02:49]} Bxf4 {[%emt 0:00:15]} 21. Nxf4 {[%emt 0:00:24]} Rae8 {[%emt 0:02:30]} 22. Kg1 {[%emt 0:19:22]} Qg5 {[%emt 0:07:30]} 23. Ng2 {[%emt 0:02:36]} Nc4 {[%emt 0:01:18]} 24. Ne2 {[%emt 0:02:11]} Qd2 {[%emt 0:05:11]} 25. Nef4 {[%emt 0:02:16]} Qxd3 {[%emt 0:00:35]} 26. Nxd3 {[%emt 0:00:07]} Nd2 {[%emt 0:00:04]} 27. Rfd1 {[%emt 0:01:30]} Nf3+ {[%emt 0:00:11]} 28. Kf1 {[%emt 0:00:46]} Nxd4 {[%emt 0:00:08]} 29. Ndf4 {[%emt 0:01:19]} Nb3 {[%emt 0:03:32]} 30. Rab1 {[%emt 0:00:31]} a4 {[%emt 0:00:04]} 31. Rb2 {[%emt 0:04:20]} Nb6 {[%emt 0:04:21]} 32. Rc2 {[%emt 0:02:08]} Nc4 {[%emt 0:00:37]} 33. Nd3 {[%emt 0:00:31]} Nd4 {[%emt 0:03:31]} 34. Rcc1 {[%emt 0:00:20]} Ne2 {[%emt 0:00:35]} 35. Ngf4 {[%emt 0:02:09]} Nxc1 {[%emt 0:00:25]} 36. Rxc1 {[%emt 0:00:06]} g5 {[%emt 0:00:21]} 37. Ne2 {[%emt 0:00:45]} Nd2+ {[%emt 0:00:06]} 38. Ke1 {[%emt 0:00:27]} Nb3 {[%emt 0:00:04]} 39. Rb1 {[%emt 0:01:46]} c5 {[%emt 0:01:20]} 40. Ndc1 {[%emt 0:00:00]} d4 {[%emt 0:00:00]} 41. Kd1 {[%emt 0:01:04]} Rxf2 {[%emt 0:00:43]} 0-1

[Event "WYCC 2018 G16"]
[Site "Halkidiki"]
[Date "2018.10.23"]
[Round "5"]
[White "Staravoitava, Hanna"]
[Black "Bogdanic, Katarina"]
[Result "1-0"]
[WhiteElo "1768"]
[BlackElo "2014"]
[Annotator "NA"]
[PlyCount "75"]
[EventDate "2018.10.20"]
[EventType "swiss"]
[EventCountry "GRE"]
[SourceTitle "playchess.com"]
[Source "ChessBase"]
[SourceQuality "1"]
[TimeControl "40/5400+30:1800+30"]

1. e4 {[%emt 0:00:00]} c5 {[%emt 0:00:00]} 2. g3 {[%emt 0:00:00]} Nc6 {[%emt 0:00:00]} 3. Bg2 {[%emt 0:00:00]} d6 {[%emt 0:00:41]} 4. d3 {[%emt 0:00:00]} g6 {[%emt 0:00:34]} 5. Ne2 {[%emt 0:00:19]} Bg7 {[%emt 0:00:28]} 6. O-O {[%emt 0:00:06]} Nf6 {[%emt 0:00:36]} 7. Nbc3 {[%emt 0:02:13]} O-O {[%emt 0:00:35]} 8. h3 {[%emt 0:00:14]} Rb8 {[%emt 0:05:09]} 9. f4 {[%emt 0:08:31]} Qc7 {[%emt 0:02:07]} 10. g4 {[%emt 0:05:19]} Nd7 {[%emt 0:04:56]} 11. f5 {[%emt 0:02:03]} Nd4 {[%emt 0:09:22]} 12. Nd5 {[%emt 0:20:36]} Nxe2+ {[%emt 0:05:21]} 13. Qxe2 {[%emt 0:00:06]} Qd8 {[%emt 0:00:24]} 14. Bg5 {[%emt 0:05:07]} Nf6 {[%emt 0:07:53]} 15. Ne3 {[%emt 0:12:39]} h6 {[%emt 0:03:47]} 16. Bh4 {[%emt 0:00:05]} g5 {[%emt 0:09:16]} 17. Bg3 {[%emt 0:00:16]} Nd7 {[%emt 0:01:33]} 18. c3 {[%emt 0:00:43]} Be5 {[%emt 0:09:01]} 19. Be1 {[%emt 0:04:35]} b5 {[%emt 0:03:32]} 20. h4 {[%emt 0:00:54]} b4 {[%emt 0:05:23]} 21. Rf3 {[%emt 0:03:15]} bxc3 {[%emt 0:05:23]} 22. bxc3 {[%emt 0:00:37]} f6 {[%emt 0:06:02]} 23. d4 {[%emt 0:02:32]} cxd4 {[%emt 0:04:09]} 24. cxd4 {[%emt 0:00:05]} Bf4 {[%emt 0:00:32]} 25. Nd5 {[%emt 0:00:15]} Kh7 {[%emt 0:01:29]} 26. Nxf4 {[%emt 0:01:32]} gxf4 {[%emt 0:00:05]} 27. g5 {[%emt 0:00:28]} fxg5 {[%emt 0:00:47]} 28. hxg5 {[%emt 0:00:05]} Qb6 {[%emt 0:01:09]} 29. Bf2 {[%emt 0:03:41]} Ba6 {[%emt 0:01:04]} 30. Qd1 {[%emt 0:00:30]} Rg8 {[%emt 0:00:31]} 31. Rb3 {[%emt 0:05:54]} Qc7 {[%emt 0:00:46]} 32. Rc1 {[%emt 0:00:25]} Qa5 {[%emt 0:00:35]} 33. Rxb8 {[%emt 0:00:43]} Nxb8 {[%emt 0:00:05]} 34. g6+ {[%emt 0:01:03]} Kg7 {[%emt 0:00:07]} 35. Bh4 {[%emt 0:00:48]} Qd8 {[%emt 0:00:59]} 36. Qb3 {[%emt 0:00:15]} Rf8 {[%emt 0:00:19]} 37. Qe6 {[%emt 0:00:49]} Bc8 38. Rxc8 {[%emt 0:00:19]} 1-0

[Event "WYCC 2018 G16"]
[Site "Halkidiki"]
[Date "2018.10.23"]
[Round "5"]
[White "Golsta, Ramona"]
[Black "Duson, Robin"]
[Result "0-1"]
[WhiteElo "1681"]
[BlackElo "1999"]
[Annotator "NA"]
[PlyCount "62"]
[EventDate "2018.10.20"]
[EventType "swiss"]
[EventCountry "GRE"]
[SourceTitle "playchess.com"]
[Source "ChessBase"]
[SourceQuality "1"]
[TimeControl "40/5400+30:1800+30"]

1. d4 {[%emt 0:00:00]} Nf6 {[%emt 0:00:00]} 2. Nf3 {[%emt 0:00:07]} c5 {[%emt 0:00:03]} 3. d5 {[%emt 0:01:53]} e6 {[%emt 0:00:16]} 4. Nc3 {[%emt 0:11:24]} b5 {[%emt 0:00:15]} 5. dxe6 {[%emt 0:02:22]} fxe6 {[%emt 0:00:07]} 6. Bg5 {[%emt 0:05:58]} b4 {[%emt 0:00:53]} 7. Ne4 {[%emt 0:03:16]} d5 {[%emt 0:01:22]} 8. Ng3 {[%emt 0:02:00]} Be7 {[%emt 0:05:23]} 9. e3 $15 {[%emt 0:03:48]} (9. e4 $5) 9... O-O {[%emt 0:01:40]} 10. Be2 {[%emt 0:03:48]} Nbd7 {[%emt 0:04:00]} 11. a3 {[%emt 0:02:13]} bxa3 {[%emt 0:03:48]} 12. Rxa3 {[%emt 0:00:34]} Qc7 {[%emt 0:03:13]} 13. O-O {[%emt 0:03:42]} Bb7 {[%emt 0:12:30]} 14. c4 {[%emt 0:07:34]} d4 {[%emt 0:07:03]} 15. exd4 {[%emt 0:09:35]} cxd4 {[%emt 0:00:08]} 16. b4 {[%emt 0:05:09]} Bxb4 {[%emt 0:08:57]} 17. Rb3 {[%emt 0:00:27]} Be7 {[%emt 0:03:02]} 18. Nxd4 {[%emt 0:02:21]} Nc5 {[%emt 0:00:23]} 19. Re3 {[%emt 0:01:10]} Rad8 {[%emt 0:02:41]} 20. Qa1 {[%emt 0:01:26]} h6 {[%emt 0:02:52]} 21. Nb5 {[%emt 0:03:14]} Qb8 {[%emt 0:02:35]} 22. Bxf6 {[%emt 0:01:36]} Rxf6 {[%emt 0:03:50]} 23. Nh5 {[%emt 0:05:48]} Rg6 {[%emt 0:02:52]} 24. Rg3 {[%emt 0:00:23]} Rxg3 {[%emt 0:02:07]} 25. fxg3 {[%emt 0:01:13]} e5 {[%emt 0:00:25]} 26. Qxa7 {[%emt 0:03:30]} Qxa7 {[%emt 0:00:20]} 27. Nxa7 {[%emt 0:00:02]} Rd2 {[%emt 0:01:13]} 28. Re1 {[%emt 0:01:48]} g6 {[%emt 0:02:36]} 29. Bf1 {[%emt 0:07:26]} Nd3 {[%emt 0:02:11]} 30. Bxd3 {[%emt 0:01:56]} Bc5+ {[%emt 0:00:15]} 31. Kf1 {[%emt 0:01:13]} Bxg2# 0-1

[Event "WYCC 2018 G16"]
[Site "Halkidiki"]
[Date "2018.10.23"]
[Round "5"]
[White "Simkunaite, Gabija"]
[Black "Ros Alonso, Joana"]
[Result "0-1"]
[WhiteElo "1650"]
[BlackElo "1952"]
[Annotator "NA"]
[PlyCount "76"]
[EventDate "2018.10.20"]
[EventType "swiss"]
[EventCountry "GRE"]
[SourceTitle "playchess.com"]
[Source "ChessBase"]
[SourceQuality "1"]
[TimeControl "40/5400+30:1800+30"]

1. e4 {[%emt 0:00:00]} e6 {[%emt 0:00:00]} 2. d4 {[%emt 0:00:00]} d5 {[%emt 0:00:00]} 3. Nc3 {[%emt 0:00:37]} Bb4 {[%emt 0:00:00]} 4. e5 {[%emt 0:00:26]} Ne7 {[%emt 0:00:06]} 5. a3 {[%emt 0:01:11]} Bxc3+ {[%emt 0:00:09]} 6. bxc3 {[%emt 0:00:05]} b6 {[%emt 0:00:37]} 7. Qg4 {[%emt 0:02:07]} Ng6 {[%emt 0:00:09]} 8. h4 {[%emt 0:02:06]} h5 {[%emt 0:00:11]} 9. Qg3 {[%emt 0:01:16]} Ba6 {[%emt 0:00:16]} 10. Bd3 {[%emt 0:08:52]} Bxd3 {[%emt 0:02:28]} 11. cxd3 {[%emt 0:00:10]} c5 {[%emt 0:06:59]} 12. dxc5 {[%emt 0:01:59]} Qc7 {[%emt 0:02:16]} 13. Nf3 {[%emt 0:01:05]} Nd7 {[%emt 0:02:55]} 14. d4 {[%emt 0:01:57]} bxc5 $11 {[%emt 0:03:02]} 15. O-O {[%emt 0:00:26]} Nb6 {[%emt 0:08:19]} 16. Nd2 {[%emt 0:15:18]} Qe7 {[%emt 0:06:47]} 17. Nf3 {[%emt 0:03:33]} Nc4 {[%emt 0:17:15]} 18. Bg5 {[%emt 0:04:34]} Qd7 {[%emt 0:05:06]} 19. Nd2 {[%emt 0:04:46]} Qa4 {[%emt 0:05:53]} 20. Nxc4 {[%emt 0:03:17]} Qxc4 {[%emt 0:00:06]} 21. Rfd1 {[%emt 0:02:02]} Rb8 {[%emt 0:01:02]} 22. Rab1 {[%emt 0:01:01]} O-O {[%emt 0:06:15]} 23. Qe3 Rb3 {[%emt 0:00:06]} 24. Rxb3 {[%emt 0:04:49]} Qxb3 {[%emt 0:05:23]} 25. Ra1 {[%emt 0:10:24]} Rc8 26. g4 {[%emt 0:00:30]} cxd4 {[%emt 0:07:47]} 27. Qxd4 {[%emt 0:00:51]} hxg4 28. h5 {[%emt 0:00:29]} Nf8 {[%emt 0:03:22]} 29. Qxg4 {[%emt 0:00:49]} Rc4 {[%emt 0:01:11]} 30. Qg2 {[%emt 0:00:43]} Qxc3 {[%emt 0:01:06]} 31. Rb1 {[%emt 0:00:54]} Qxe5 {[%emt 0:00:44]} 32. h6 {[%emt 0:01:11]} Qf5 {[%emt 0:01:22]} 33. Rb3 {[%emt 0:00:27]} Rg4 {[%emt 0:01:22]} 34. Rg3 {[%emt 0:00:04]} Rxg3 {[%emt 0:00:31]} 35. Qxg3 {[%emt 0:00:04]} gxh6 {[%emt 0:02:38]} 36. Bxh6+ {[%emt 0:00:15]} Qg6 {[%emt 0:00:10]} 37. Bxf8 {[%emt 0:00:12]} Qxg3+ {[%emt 0:00:14]} 38. fxg3 {[%emt 0:00:02]} Kxf8 {[%emt 0:00:13]} 0-1

[Event "WYCC 2018 G16"]
[Site "Halkidiki"]
[Date "2018.10.23"]
[Round "5"]
[White "Akti, Ezgi"]
[Black "Hoesley, Aria"]
[Result "1-0"]
[WhiteElo "1643"]
[BlackElo "1831"]
[Annotator "NA"]
[PlyCount "141"]
[EventDate "2018.10.20"]
[EventType "swiss"]
[EventCountry "GRE"]
[SourceTitle "playchess.com"]
[Source "ChessBase"]
[SourceQuality "1"]
[TimeControl "40/5400+30:1800+30"]

1. e4 {[%emt 0:00:00]} g6 {[%emt 0:00:00]} 2. d4 {[%emt 0:00:07]} Bg7 {[%emt 0:00:00]} 3. Nc3 {[%emt 0:01:18]} d6 {[%emt 0:00:17]} 4. f4 {[%emt 0:00:31]} a6 {[%emt 0:04:10]} 5. Nf3 {[%emt 0:01:53]} b5 {[%emt 0:00:21]} 6. a3 {[%emt 0:12:27]} Bb7 {[%emt 0:01:03]} 7. Be3 {[%emt 0:05:31]} Nf6 {[%emt 0:06:13]} 8. Bd3 {[%emt 0:03:16]} Nbd7 {[%emt 0:03:34]} 9. e5 {[%emt 0:12:18]} Nd5 {[%emt 0:06:19]} 10. Nxd5 {[%emt 0:00:49]} Bxd5 {[%emt 0:00:02]} 11. O-O {[%emt 0:05:48]} O-O {[%emt 0:05:56]} 12. Rc1 {[%emt 0:11:16]} Rc8 {[%emt 0:14:02]} 13. c4 {[%emt 0:03:40]} bxc4 {[%emt 0:00:12]} 14. Bxc4 {[%emt 0:00:05]} Bxc4 {[%emt 0:00:10]} 15. Rxc4 {[%emt 0:00:01]} Nb6 {[%emt 0:00:25]} 16. Rc6 {[%emt 0:04:34]} Rb8 {[%emt 0:07:47]} 17. Qc1 {[%emt 0:02:24]} Nd5 {[%emt 0:01:36]} 18. Rf2 {[%emt 0:03:47]} Rb6 {[%emt 0:03:13]} 19. Bd2 {[%emt 0:15:04]} Qa8 {[%emt 0:05:14]} 20. Rxb6 {[%emt 0:04:01]} cxb6 {[%emt 0:01:00]} 21. Ng5 {[%emt 0:04:18]} Rc8 {[%emt 0:06:14]} 22. Qb1 {[%emt 0:00:32]} h6 {[%emt 0:03:53]} 23. Ne4 {[%emt 0:00:43]} dxe5 {[%emt 0:00:30]} 24. fxe5 {[%emt 0:00:58]} Qc6 {[%emt 0:00:48]} 25. Qf1 {[%emt 0:01:33]} Ne3 {[%emt 0:02:47]} 26. Bxe3 {[%emt 0:00:45]} Qxe4 {[%emt 0:00:03]} 27. Qxa6 {[%emt 0:00:19]} Rf8 {[%emt 0:07:26]} 28. Qe2 {[%emt 0:01:40]} g5 {[%emt 0:00:30]} 29. b4 Ra8 {[%emt 0:01:14]} 30. Bc1 {[%emt 0:04:03]} Qxd4 {[%emt 0:00:47]} 31. Qf3 {[%emt 0:00:29]} Rf8 {[%emt 0:01:18]} 32. Bb2 {[%emt 0:00:05]} Qc4 {[%emt 0:01:23]} 33. Qe3 {[%emt 0:00:27]} Rd8 {[%emt 0:00:39]} 34. Rf1 {[%emt 0:00:40]} b5 {[%emt 0:00:49]} 35. Rc1 {[%emt 0:01:25]} Qg4 {[%emt 0:01:18]} 36. Qf3 {[%emt 0:00:40]} Qxf3 {[%emt 0:01:17]} 37. gxf3 {[%emt 0:00:00]} Rd5 {[%emt 0:00:14]} 38. Re1 {[%emt 0:00:59]} Rd2 {[%emt 0:02:16]} 39. Bc1 {[%emt 0:00:12]} Rc2 {[%emt 0:00:17]} 40. f4 {[%emt 0:00:00]} g4 {[%emt 0:00:00]} 41. Be3 {[%emt 0:06:05]} Rc3 {[%emt 0:13:12]} 42. Bc5 {[%emt 0:02:21]} Rxa3 {[%emt 0:11:50]} 43. Bxe7 {[%emt 0:00:09]} Bf8 {[%emt 0:00:54]} 44. Bxf8 {[%emt 0:07:35]} Kxf8 {[%emt 0:00:01]} 45. e6 {[%emt 0:00:27]} fxe6 {[%emt 0:01:09]} 46. Rxe6 {[%emt 0:00:02]} Rb3 {[%emt 0:00:15]} 47. Re4 {[%emt 0:00:13]} Kf7 {[%emt 0:00:37]} 48. Kg2 {[%emt 0:01:20]} Kf6 {[%emt 0:00:38]} 49. Rd4 {[%emt 0:00:17]} Ke6 {[%emt 0:08:16]} 50. f5+ {[%emt 0:06:00]} Ke5 {[%emt 0:01:00]} 51. Rxg4 {[%emt 0:00:05]} Kxf5 {[%emt 0:00:11]} 52. Rh4 {[%emt 0:01:08]} Kg5 {[%emt 0:01:08]} 53. Rd4 {[%emt 0:00:08]} Kf6 {[%emt 0:00:56]} 54. Re4 {[%emt 0:03:07]} Rc3 {[%emt 0:03:38]} 55. Rf4+ {[%emt 0:03:40]} Ke6 {[%emt 0:04:15]} 56. Rh4 {[%emt 0:00:58]} Rc4 {[%emt 0:00:41]} 57. Kg3 {[%emt 0:02:26]} Kd7 {[%emt 0:02:31]} 58. Rf4 {[%emt 0:01:37]} Kd6 {[%emt 0:01:11]} 59. h4 {[%emt 0:01:57]} h5 {[%emt 0:00:55]} 60. Kf3 {[%emt 0:00:46]} Kc6 61. Ke3 {[%emt 0:00:52]} Rc3+ {[%emt 0:01:09]} 62. Ke4 {[%emt 0:00:18]} Rc4+ {[%emt 0:00:29]} 63. Kf5 {[%emt 0:00:13]} Kd5 {[%emt 0:00:23]} 64. Kg5 {[%emt 0:00:18]} Ke5 {[%emt 0:00:42]} 65. Rf5+ {[%emt 0:00:04]} Kd6 {[%emt 0:00:32]} 66. Rxb5 {[%emt 0:00:03]} Kc6 {[%emt 0:00:01]} 67. Rc5+ {[%emt 0:00:22]} Rxc5+ {[%emt 0:00:08]} 68. bxc5 {[%emt 0:00:01]} Kxc5 {[%emt 0:00:01]} 69. Kxh5 {[%emt 0:00:06]} Kd6 {[%emt 0:00:07]} 70. Kg6 {[%emt 0:00:04]} Ke7 {[%emt 0:00:07]} 71. Kg7 1-0

[Event "WYCC 2018 G16"]
[Site "Halkidiki"]
[Date "2018.10.23"]
[Round "5"]
[White "De Freitas, Isabella Ribeiro Co"]
[Black "Esadze, Tamari"]
[Result "0-1"]
[WhiteElo "1605"]
[BlackElo "1911"]
[Annotator "NA"]
[PlyCount "118"]
[EventDate "2018.10.20"]
[EventType "swiss"]
[EventCountry "GRE"]
[SourceTitle "playchess.com"]
[Source "ChessBase"]
[SourceQuality "1"]
[TimeControl "40/5400+30:1800+30"]

1. c4 {[%emt 0:00:00]} e5 {[%emt 0:00:00]} 2. Nc3 {[%emt 0:00:01]} Nc6 {[%emt 0:00:00]} 3. g3 {[%emt 0:00:12]} g6 {[%emt 0:00:00]} 4. Bg2 {[%emt 0:00:09]} Bg7 {[%emt 0:00:00]} 5. Nf3 {[%emt 0:00:14]} Nge7 {[%emt 0:00:07]} 6. O-O {[%emt 0:02:21]} O-O {[%emt 0:00:18]} 7. Rb1 {[%emt 0:01:00]} d6 {[%emt 0:03:13]} 8. b4 {[%emt 0:02:00]} a6 {[%emt 0:07:43]} 9. a4 {[%emt 0:11:10]} f5 {[%emt 0:05:09]} 10. b5 {[%emt 0:06:46]} axb5 {[%emt 0:01:37]} 11. cxb5 {[%emt 0:00:18]} Na5 {[%emt 0:00:34]} 12. e3 {[%emt 0:00:59]} e4 {[%emt 0:05:51]} 13. Nd4 {[%emt 0:03:30]} c5 {[%emt 0:07:24]} 14. bxc6 {[%emt 0:05:02]} bxc6 {[%emt 0:02:17]} 15. f3 {[%emt 0:04:26]} Bxd4 {[%emt 0:05:47]} 16. exd4 {[%emt 0:00:09]} Ba6 {[%emt 0:00:16]} 17. Re1 {[%emt 0:01:21]} Bd3 {[%emt 0:01:47]} 18. Ra1 {[%emt 0:10:54]} Qb6 {[%emt 0:13:16]} 19. fxe4 {[%emt 0:09:12]} Qxd4+ {[%emt 0:01:50]} 20. Kh1 {[%emt 0:00:29]} fxe4 {[%emt 0:13:38]} 21. Bxe4 {[%emt 0:06:46]} Nd5 {[%emt 0:08:58]} 22. Qg4 {[%emt 0:15:17]} Nxc3 {[%emt 0:07:10]} 23. Qe6+ {[%emt 0:00:21]} Rf7 {[%emt 0:04:58]} 24. Bxd3 {[%emt 0:08:31]} Nd1 {[%emt 0:05:29]} 25. Rxd1 {[%emt 0:03:41]} Qxa1 {[%emt 0:00:03]} 26. Rf1 {[%emt 0:00:09]} Raf8 {[%emt 0:01:02]} 27. Kg2 {[%emt 0:05:10]} Kg7 {[%emt 0:00:31]} 28. Re1 {[%emt 0:01:47]} Qd4 {[%emt 0:01:51]} 29. Re3 {[%emt 0:00:48]} Nb7 {[%emt 0:02:03]} 30. Qa2 {[%emt 0:00:53]} Qd5+ {[%emt 0:01:14]} 31. Qxd5 {[%emt 0:00:08]} cxd5 {[%emt 0:00:03]} 32. Bc2 {[%emt 0:01:06]} Nc5 {[%emt 0:00:39]} 33. Bb2+ {[%emt 0:00:44]} Kg8 {[%emt 0:00:34]} 34. Bc3 {[%emt 0:00:02]} Rf2+ {[%emt 0:00:39]} 35. Kh3 {[%emt 0:01:02]} d4 {[%emt 0:00:03]} 36. Bxd4 {[%emt 0:00:40]} Rxd2 {[%emt 0:00:02]} 37. Bxc5 {[%emt 0:00:34]} dxc5 {[%emt 0:00:04]} 38. Bb3+ {[%emt 0:00:02]} Kg7 {[%emt 0:01:02]} 39. Re7+ {[%emt 0:00:11]} Kh6 {[%emt 0:00:02]} 40. Re4 {[%emt 0:00:00]} Rff2 {[%emt 0:00:00]} 41. a5 {[%emt 0:04:59]} Kg5 {[%emt 0:16:38]} 42. Re5+ {[%emt 0:01:14]} Kf6 {[%emt 0:00:03]} 43. Re6+ {[%emt 0:00:18]} Kf5 {[%emt 0:00:37]} 44. g4+ {[%emt 0:01:58]} Kf4 {[%emt 0:00:04]} 45. Rf6+ {[%emt 0:00:56]} Kg5 {[%emt 0:00:37]} 46. Rxf2 {[%emt 0:00:15]} Rxf2 {[%emt 0:00:02]} 47. Kg3 {[%emt 0:00:39]} Rb2 {[%emt 0:00:33]} 48. Bd5 {[%emt 0:08:38]} Rb5 {[%emt 0:02:24]} 49. h4+ Kf6 {[%emt 0:00:03]} 50. a6 {[%emt 0:00:50]} Ra5 {[%emt 0:00:02]} 51. Bb7 Ke5 {[%emt 0:00:31]} 52. Kf3 {[%emt 0:06:29]} Kd4 {[%emt 0:00:36]} 53. Ke2 {[%emt 0:01:06]} Ra2+ {[%emt 0:00:18]} 54. Kd1 {[%emt 0:01:35]} Kc3 {[%emt 0:00:17]} 55. Bc8 {[%emt 0:02:02]} Kb2 {[%emt 0:00:31]} 56. Ke2 {[%emt 0:00:45]} Ra3 {[%emt 0:00:41]} 57. a7 {[%emt 0:00:37]} c4 {[%emt 0:00:54]} 58. h5 {[%emt 0:01:32]} Rxa7 {[%emt 0:00:12]} 59. hxg6 {[%emt 0:00:14]} hxg6 {[%emt 0:00:03]} 0-1